<?xml version="1.0" encoding="UTF-8"?>
<record
    xmlns:xsi="http://www.w3.org/2001/XMLSchema-instance"
    xsi:schemaLocation="http://www.loc.gov/MARC21/slim http://www.loc.gov/standards/marcxml/schema/MARC21slim.xsd"
    xmlns="http://www.loc.gov/MARC21/slim">

  <leader>00894nab a2200229 uc4500</leader>
  <controlfield tag="001">804241</controlfield>
  <controlfield tag="005">20240201184832.0</controlfield>
  <controlfield tag="008">030404e20021101                    spa  </controlfield>
  <datafield tag="035" ind1=" " ind2=" ">
    <subfield code="a">804241</subfield>
  </datafield>
  <datafield tag="035" ind1=" " ind2=" ">
    <subfield code="a">(OCoLC)820018115</subfield>
  </datafield>
  <datafield tag="040" ind1=" " ind2=" ">
    <subfield code="c">comduadb</subfield>
  </datafield>
  <datafield tag="041" ind1=" " ind2=" ">
    <subfield code="a">spa</subfield>
  </datafield>
  <datafield tag="100" ind1="1" ind2="0">
    <subfield code="a">Zenner de Polan&#xED;a, Ingeborg</subfield>
    <subfield code="4">aut</subfield>
    <subfield code="e">aut</subfield>
    <subfield code="9">350028</subfield>
  </datafield>
  <datafield tag="245" ind1="1" ind2="0">
    <subfield code="a">Evaluacion preliminar de dano y metodos de captura de un caracol manzana, Pomacea cerca a canaliculata, plaga de arroz en el Zulia (Santander del Norte)</subfield>
  </datafield>
  <datafield tag="650" ind1=" " ind2=" ">
    <subfield code="a">Caracoles</subfield>
    <subfield code="9">53226</subfield>
  </datafield>
  <datafield tag="650" ind1=" " ind2=" ">
    <subfield code="a">Arroz - Enfermedades y plagas</subfield>
    <subfield code="9">83473</subfield>
  </datafield>
  <datafield tag="650" ind1=" " ind2=" ">
    <subfield code="a">Captura animal</subfield>
    <subfield code="9">67281</subfield>
  </datafield>
  <datafield tag="650" ind1=" " ind2=" ">
    <subfield code="a">Trampas para animales</subfield>
    <subfield code="9">174358</subfield>
  </datafield>
  <datafield tag="650" ind1=" " ind2=" ">
    <subfield code="a">Pomacea canaliculata</subfield>
    <subfield code="9">110842</subfield>
  </datafield>
  <datafield tag="773" ind1="0" ind2=" ">
    <subfield code="t">Revista U.D.C.A. : Actualidad y Divulgaci&#xF3;n Cient&#xED;fica (Bogot&#xE1;)</subfield>
    <subfield code="g">Volumen 05, N&#xFA;mero 01, Noviembre 2002, p. 42-51</subfield>
    <subfield code="w">800922</subfield>
    <subfield code="x">0123-4226</subfield>
    <subfield code="0">275134</subfield>
  </datafield>
  <datafield tag="942" ind1=" " ind2=" ">
    <subfield code="c">ARIMP</subfield>
  </datafield>
  <datafield tag="999" ind1=" " ind2=" ">
    <subfield code="c">273473</subfield>
    <subfield code="d">273473</subfield>
  </datafield>
</record>
